Estadísticas para Tipos de Pokemon

Haz click aquí para intentar la prueba.

Estadísticas generales

  • Esta prueba ha sido intentada 977 veces
  • La puntuación promedio es 16 de 18

Estadísticas de respuestas

NúmeroTipo% Correcto
179Agua
99%
53Fuego
99%
79Planta
97%
34Tierra
96%
41Eléctrico
94%
79Normal
94%
54Psíquico
93%
48Roca
93%
27Volador
93%
18Hada
91%
28Fantasma
90%
27Hielo
89%
34Veneno
89%
29Dragón
88%
29Lucha
87%
24Acero
85%
72Bicho
85%
33Siniestro
84%

Distribución de puntuación

Porcentaje por número respondido

Porcentaje de gente con cada puntuación

Historial de tus puntuaciones

No has intentado esta prueba.